000 00295nam a2200121Ia 4500
008 180117s9999 xx 000 0 und d
100 _aby Zac Sarian
245 _aAgri-Talk
260 _c2015
300 _a25 pages, 2015 December 20
440 _aPhilippine Panorama
650 _aGOLDEN TOUCH
999 _c353513
_d353513